000 00532nam a2200181Ia 4500
008 151202s9999||||xx |||||||||||||| ||und||
082 _bPNVM-121604
100 _aWAIKER P.S.
245 _aTHE GLORIES OF GAYATRI-mantra & theory explained.
260 _b"GURUKRPA PRAKASANA,BANGALORE."
260 _c1990
300 _a144
600 _aWAIKER P.S.
630 _aTHE GLORIES OF GAYATRI-mantra & theory explained.
700 _aWAIKER P.S.
730 _aTHE GLORIES OF GAYATRI-mantra & theory explained.
942 _cBOOK
999 _c1351733
_d1351730